| 000 | 00388nam a2200145Ia 4500 | ||
|---|---|---|---|
| 005 | 20250522023833.0 | ||
| 008 | 240331s9999 xx 000 0 und d | ||
| 082 |
_bRAV _a301 |
||
| 100 | _aRavikumar | ||
| 245 | 0 | _aThalith endra thanituwam | |
| 260 |
_aNeiveli _bThalith KalaivIzhak Koolu _c1996 |
||
| 300 | _aXxii, 122 p ., | ||
| 500 | _aIrattai Vaakurimai Patriya Katooraigal | ||
| 942 | _cL | ||
| 999 |
_c4599 _d4599 |
||